LEADER 01306nam a2200277 i 4500 001 991002923859707536 005 20230613083304.0 008 960322s1995 it ||| | ita 020 $a888086114X 035 $ab10433211-39ule_inst 035 $aEXGIL112022$9ExL 040 $aBibl. Interfacoltà T. Pellegrino$bita 100 1 $aFazio, Domenico M.$023694 245 10$aGiulio Cesare Vanini nella cultura filosofica tedesca del Sette e Ottocento :$bda Brucker a Schopenhauer /$cDomenico M. Fazio 260 $aGalatina :$bCongedo,$c1995 300 $a174 p. ;$c25 cm. 500 $aIn appendice: Censimento degli esemplari dell'Amphitheatrum e del De adfmirandis di Giulio Cesare Vanini nelle biblioteche tedesche. 650 4$aVanini, Giulio Cesare$xFortuna - Germania$ySec. 18.-19. 830 0$aTesti e saggi ;$v14 907 $a.b10433211$b21-02-17$c27-06-02 912 $a991002923859707536 945 $aLE002 Sal. V M 10$g1$i2002000990181$lle002$o-$pE0.00$q-$rn$so$t0$u0$v0$w0$x0$y.i10502816$z27-06-02 945 $aLE012 195 FAZ$g1$i2012000362130$lle012$o-$pE0.00$q-$rl$s-$t0$u0$v0$w0$x0$y.i15450429$z24-10-12 996 $aGiulio Cesare Vanini nella cultura filosofica tedesca del Sette e Ottocento$9223197 997 $aUNISALENTO 998 $ale002$ale012$b01-01-96$cm$da$e-$fita$git$h0$i1 LEADER 01232nam 2200409 450 001 9910158898803321 005 20230808202826.0 010 $a1-78567-236-3 035 $a(CKB)3890000000007398 035 $a(MiAaPQ)EBC4515723 035 $a(MiAaPQ)EBC7410747 035 $a(Au-PeEL)EBL7410747 035 $a(EXLCZ)993890000000007398 100 $a20160725h20162016 uy 0 101 0 $aeng 135 $aurcnu|||||||| 181 $2rdacontent 182 $2rdamedia 183 $2rdacarrier 200 00$aA Joosr Guide to... Black box thinking by matthew syed $ewhy most people never learn from their mistakesbut some do /$fcover design by Andrew Ward, Camilla Lovell 210 1$aClitheroe, [England] :$cJoosr,$d2016. 210 4$d©2016 215 $a1 online resource (18 pages) 225 1 $aA Joosr Guide to 410 0$aJoosr guide to. 606 $aFailure (Psychology) 615 0$aFailure (Psychology) 676 $a155.24 702 $aWard$b Andrew 702 $aLovell$b Camilla 801 0$bMiAaPQ 801 1$bMiAaPQ 801 2$bMiAaPQ 906 $aBOOK 912 $a9910158898803321 996 $aA Joosr Guide to... Black box thinking by matthew syed$92889392 997 $aUNINA